[Event "British KO-ch Pre 2019"]
[Site "London"]
[Date "2019.11.30"]
[Round "6.3"]
[White "Wadsworth, Matthew J"]
[Black "Horton, Andrew P"]
[Result "0-1"]
[WhiteElo "2401"]
[BlackElo "2378"]
[Annotator "NA"]
[PlyCount "150"]
[EventDate "2019.11.30"]
[EventType "k.o."]
[EventCountry "ENG"]
[SourceTitle "playchess.com"]
[Source "ChessBase"]
[SourceQuality "1"]
[TimeControl "600+5"]

1. Nf3 {[%emt 0:00:00]} c5 {[%emt 0:00:08]} 2. g3 {[%emt 0:00:01]} g6 {[%emt 0:00:01]} 3. Bg2 {[%emt 0:00:03]} Bg7 {[%emt 0:00:02]} 4. c4 {[%emt 0:00:03]} Nc6 {[%emt 0:00:01]} 5. Nc3 {[%emt 0:00:03]} d6 {[%emt 0:00:08]} 6. O-O {[%emt 0:00:06]} Bf5 {[%emt 0:00:30]} 7. a3 {[%emt 0:01:10]} Qd7 {[%emt 0:00:04]} 8. d3 {[%emt 0:00:46]} Bh3 {[%emt 0:00:08]} 9. Ng5 {[%emt 0:00:23]} Bxg2 10. Kxg2 {[%emt 0:00:01]} h6 {[%emt 0:00:38]} 11. Nf3 {[%emt 0:00:03]} Nf6 {[%emt 0:00:10]} 12. Rb1 {[%emt 0:00:14]} O-O {[%emt 0:00:25]} 13. b4 {[%emt 0:00:12]} b6 {[%emt 0:00:06]} 14. Bd2 {[%emt 0:00:43]} Rac8 {[%emt 0:00:08]} 15. b5 {[%emt 0:00:45]} Nd4 {[%emt 0:01:03]} 16. e3 {[%emt 0:00:52]} Nxf3 {[%emt 0:02:11]} 17. Qxf3 {[%emt 0:00:02]} h5 {[%emt 0:00:56]} 18. h3 {[%emt 0:00:25]} Ne8 {[%emt 0:01:16]} 19. a4 {[%emt 0:00:32]} e6 {[%emt 0:01:00]} 20. a5 {[%emt 0:00:32]} Rd8 {[%emt 0:00:10]} 21. axb6 {[%emt 0:01:11]} axb6 {[%emt 0:00:00]} 22. Qc6 {[%emt 0:00:34]} d5 {[%emt 0:02:09]} 23. cxd5 {[%emt 0:00:17]} Bxc3 {[%emt 0:00:15]} 24. Bxc3 {[%emt 0:00:44]} Qxd5+ {[%emt 0:00:03]} 25. Kh2 {[%emt 0:00:08]} Rd6 {[%emt 0:00:16]} 26. Qxd5 {[%emt 0:00:09]} Rxd5 {[%emt 0:00:03]} 27. d4 {[%emt 0:00:08]} Nd6 {[%emt 0:00:12]} 28. dxc5 {[%emt 0:00:17]} Ne4 {[%emt 0:00:05]} 29. Bb4 {[%emt 0:00:36]} bxc5 {[%emt 0:00:06]} 30. Ba5 {[%emt 0:00:17]} c4 {[%emt 0:00:08]} 31. f3 {[%emt 0:00:44]} Nd2 {[%emt 0:00:02]} 32. Bxd2 {[%emt 0:00:06]} Rxd2+ {[%emt 0:00:01]} 33. Kg1 {[%emt 0:00:02]} c3 {[%emt 0:00:10]} 34. Rb3 {[%emt 0:00:30]} Rd3 {[%emt 0:00:07]} 35. Rc1 {[%emt 0:00:03]} Rb8 {[%emt 0:00:05]} 36. Kf2 {[%emt 0:00:05]} Rd2+ {[%emt 0:00:04]} 37. Ke1 {[%emt 0:00:02]} Rb2 {[%emt 0:00:06]} 38. Rcxc3 {[%emt 0:00:06]} Rxb5 {[%emt 0:00:01]} 39. Rxb5 {[%emt 0:00:03]} Rxb5 {[%emt 0:00:01]} 40. Rc2 {[%emt 0:00:02]} Rb1+ {[%emt 0:00:08]} 41. Kf2 {[%emt 0:00:01]} Kg7 {[%emt 0:00:03]} 42. e4 {[%emt 0:00:07]} g5 {[%emt 0:00:02]} 43. f4 {[%emt 0:00:13]} Rb4 {[%emt 0:00:09]} 44. Kf3 {[%emt 0:00:08]} Rb3+ {[%emt 0:00:03]} 45. Kf2 {[%emt 0:00:03]} h4 {[%emt 0:00:06]} 46. gxh4 {[%emt 0:00:08]} gxf4 {[%emt 0:00:00]} 47. Kg2 {[%emt 0:00:07]} Rg3+ {[%emt 0:00:11]} 48. Kh2 {[%emt 0:00:01]} Re3 {[%emt 0:00:01]} 49. Rc4 {[%emt 0:00:02]} Re2+ {[%emt 0:00:04]} 50. Kg1 {[%emt 0:00:02]} Kf6 {[%emt 0:00:05]} 51. h5 {[%emt 0:00:08]} Kg5 {[%emt 0:00:08]} 52. Rc5+ {[%emt 0:00:01]} Kh6 {[%emt 0:00:01]} 53. Kf1 {[%emt 0:00:15]} Rxe4 {[%emt 0:00:04]} 54. Kf2 {[%emt 0:00:01]} Re3 {[%emt 0:00:04]} 55. Rc7 {[%emt 0:00:10]} Kxh5 {[%emt 0:00:15]} 56. Rxf7 {[%emt 0:00:02]} e5 {[%emt 0:00:03]} 57. Rh7+ {[%emt 0:00:04]} Kg6 {[%emt 0:00:02]} 58. Rh8 {[%emt 0:00:03]} Kf5 {[%emt 0:00:03]} 59. h4 {[%emt 0:00:02]} Rh3 {[%emt 0:00:16]} 60. Kg2 {[%emt 0:00:04]} Rg3+ {[%emt 0:00:00]} 61. Kf2 {[%emt 0:00:01]} e4 {[%emt 0:00:09]} 62. h5 {[%emt 0:00:02]} Rh3 {[%emt 0:00:03]} 63. h6 {[%emt 0:00:05]} Kg6 {[%emt 0:00:05]} 64. Rg8+ {[%emt 0:00:08]} Kh7 {[%emt 0:00:05]} 65. Rf8 {[%emt 0:00:15]} Rf3+ {[%emt 0:00:03]} 66. Kg2 {[%emt 0:00:01]} Kxh6 {[%emt 0:00:03]} 67. Re8 {[%emt 0:00:05]} Rg3+ {[%emt 0:00:04]} 68. Kh2 {[%emt 0:00:02]} e3 {[%emt 0:00:03]} 69. Rh8+ {[%emt 0:00:04]} Kg5 {[%emt 0:00:06]} 70. Rg8+ {[%emt 0:00:02]} Kh4 {[%emt 0:00:06]} 71. Rh8+ {[%emt 0:00:08]} Kg4 {[%emt 0:00:03]} 72. Rg8+ {[%emt 0:00:04]} Kf3 {[%emt 0:00:02]} 73. Re8 {[%emt 0:00:01]} Rg7 {[%emt 0:00:03]} 74. Re6 {[%emt 0:00:05]} Kf2 {[%emt 0:00:04]} 75. Kh3 {[%emt 0:00:02]} e2 {[%emt 0:00:03]} 0-1

[Event "British KO-ch Pre 2019"]
[Site "London"]
[Date "2019.11.30"]
[Round "6.4"]
[White "Merry, Alan B"]
[Black "Haria, Ravi"]
[Result "1-0"]
[WhiteElo "2426"]
[BlackElo "2451"]
[Annotator "RC"]
[PlyCount "75"]
[EventDate "2019.11.30"]
[EventType "k.o."]
[EventCountry "ENG"]
[SourceTitle "playchess.com"]
[Source "ChessBase"]
[SourceQuality "1"]
[TimeControl "600+5"]

1. c4 {[%emt 0:00:00]} e6 {[%emt 0:00:00]} 2. Nc3 {[%emt 0:00:00]} d5 {[%emt 0:00:00]} 3. d4 {[%emt 0:00:01]} a6 {[%emt 0:00:01]} 4. cxd5 {[%emt 0:00:05]} exd5 {[%emt 0:00:01]} 5. Bf4 {[%emt 0:00:26]} Nf6 {[%emt 0:00:11]} 6. e3 {[%emt 0:00:25]} Bd6 {[%emt 0:00:04]} 7. Bxd6 {[%emt 0:00:06]} Qxd6 {[%emt 0:00:02]} 8. Bd3 {[%emt 0:00:04]} O-O {[%emt 0:00:17]} 9. Nge2 {[%emt 0:00:07]} c5 {[%emt 0:00:41]} 10. dxc5 Qxc5 {[%emt 0:00:02]} 11. O-O {[%emt 0:00:19]} Nc6 {[%emt 0:00:02]} 12. Rc1 {[%emt 0:00:16]} Qd6 {[%emt 0:00:40]} 13. Qa4 {[%emt 0:01:43]} d4 {[%emt 0:02:51]} 14. Nxd4 {[%emt 0:01:26]} Ng4 {[%emt 0:00:35]} 15. g3 {[%emt 0:00:03]} Qh6 {[%emt 0:00:15]} 16. h4 {[%emt 0:03:25]} Nxe3 {[%emt 0:03:09]} 17. Nxc6 {[%emt 0:00:25]} Nxf1 {[%emt 0:01:02]} 18. Ne7+ {[%emt 0:00:08]} Kh8 19. Rxf1 {[%emt 0:00:00]} Bh3 {[%emt 0:00:04]} 20. Rd1 {[%emt 0:00:57]} Rae8 {[%emt 0:00:08]} 21. Ned5 {[%emt 0:00:00]} Re5 {[%emt 0:00:41]} 22. Qd4 {[%emt 0:00:00]} f6 {[%emt 0:00:39]} 23. Nf4 {[%emt 0:00:00]} Bg4 {[%emt 0:00:04]} 24. Ng6+ {[%emt 0:00:00]} hxg6 {[%emt 0:00:12]} 25. Qxg4 {[%emt 0:00:00]} g5 {[%emt 0:00:02]} 26. hxg5 {[%emt 0:00:52]} Rxg5 {[%emt 0:00:00]} 27. Qf3 {[%emt 0:00:18]} f5 {[%emt 0:00:08]} 28. Ne2 {[%emt 0:00:34]} Rg4 {[%emt 0:00:14]} 29. Kg2 {[%emt 0:00:17]} Kg8 {[%emt 0:00:11]} 30. Qd5+ {[%emt 0:00:14]} Rf7 {[%emt 0:00:05]} 31. Bc4 {[%emt 0:00:05]} Rxc4 {[%emt 0:00:08]} 32. Qxc4 {[%emt 0:00:03]} Qf6 {[%emt 0:00:02]} 33. Nf4 {[%emt 0:00:06]} g6 {[%emt 0:00:05]} 34. Re1 {[%emt 0:00:03]} Kg7 {[%emt 0:00:05]} 35. Re6 {[%emt 0:00:02]} Qxb2 {[%emt 0:00:04]} 36. Rxg6+ {[%emt 0:00:02]} Kf8 {[%emt 0:00:02]} 37. Qc8+ {[%emt 0:00:02]} Ke7 {[%emt 0:00:04]} 38. Re6# 1-0

[Event "British KO-ch Pre 2019"]
[Site "London"]
[Date "2019.11.30"]
[Round "6.5"]
[White "Toma, Katarzyna"]
[Black "McPhillips, Joseph"]
[Result "0-1"]
[WhiteElo "2272"]
[BlackElo "2434"]
[Annotator "TA"]
[PlyCount "80"]
[EventDate "2019.11.30"]
[EventType "k.o."]
[EventCountry "ENG"]
[SourceTitle "playchess.com"]
[Source "ChessBase"]
[SourceQuality "1"]

{[%evp 9,80,0,3,-22,-22,-37,-16,-39,0,0,0,6,-5,0,41,56,54,57,86,85,117,126,120,128,120,80,116,49,120,109,107,107,108,111,117,122,539,533,527,560,515,496,377,368,338,341,298,293,304,294,301,262,250,207,470,-1,-5,-2,0,0,0,-83,0,0,0,0,367,-819,-851,-845,-834,-29995,-29996]} 1. e4 e6 2. d4 d5 3. Nc3 h6 4. Nf3 Nf6 5. e5 (5. Bd3 Bb4 6. exd5 exd5 7. O-O O-O 8. h3 Re8 9. Re1 Rxe1+ 10. Qxe1 c6 11. Bf4 Na6 12. a3 Bf8 13. Ne2 Nc7 14. Ne5 Nce8 15. c3 Nd6 {1-0 (25) Kobalia,M (2610)-Antipov,M (2595) Sochi 2019}) 5... Ne4 6. Ne2 {C10: French with 3 Nc3: Unusual Black 3rd moves and 3...dxe4} c5 7. Ng3 Nc6 8. dxc5 {The position is equal.} Qa5+ $146 ({Predecessor:} 8... Bxc5 9. Nxe4 dxe4 10. Qxd8+ Kxd8 11. Nd2 {½-½ (32) Rutkowski,I (2168)-Meyer,S (2119) Germany 2015}) 9. c3 Bxc5 10. Nxe4 dxe4 11. Nd2 Be7 12. Nc4 Qc7 13. Nd6+ Kf8 14. Bf4 $36 {[%mdl 2048] White is in control.} Qa5 15. Nc4 (15. Nxe4 Nxe5 16. h3 f6 $11) 15... Qc7 16. Be2 b6 17. O-O Bb7 18. Qc2 (18. Bg3 $16) 18... Bg5 {[#]} (18... g5 $14 19. Bg3 h5) 19. Bg3 $1 $16 ({Of course not} 19. Qxe4 $6 Na5 $11) 19... h5 {Threatens to win with ...h4.} 20. h4 ({And not} 20. Qxe4 Ne7 $17) 20... Bh6 21. Rad1 {[%cal Ba1d1,Bd1d7,Bd7f7,Bf7f4][%mdl 32]} Ne7 22. Nd6 Nf5 $2 {[%mdl 8192]} (22... g6 $16) 23. Nxf5 $18 exf5 24. e6 f4 25. Rd7 {[%mdl 64] Double Attack} Qc6 26. Rxf7+ Kg8 27. Bxf4 Bxf4 28. Rxf4 Qxe6 29. Rd1 Rh6 30. Qa4 {And now Bc4 would win.} Qe5 31. g3 Rg6 $2 (31... e3 {was necessary.} 32. Qd4 exf2+ 33. Qxf2 (33. Kxf2 Qxd4+ 34. Rdxd4 a5 $18) 33... Bc6 34. Bc4+ Kh7 35. Bd3+ Kg8) 32. Qd7 $2 (32. Qb3+ $18 Re6 33. Bc4) 32... Qxf4 $1 $11 33. Qxb7 Rf8 34. Qd5+ {[%mdl 64] Double Attack} Rf7 35. Qd4 (35. Rf1 $11) 35... Rxg3+ (35... Rf5 $17 {...Rxg3+! is the strong threat.} 36. Kg2 Kh7) 36. fxg3 Qxg3+ 37. Kh1 Rf2 $2 {[%mdl 8192]} (37... Qh3+ $11 {and Black has nothing to worry.} 38. Kg1 Qg3+ 39. Kh1 Qxh4+ 40. Kg2 Qg5+ 41. Kh1 Qh4+ 42. Kg1 Kh7) 38. Bc4+ $4 {[%mdl 8192] [#]} (38. Qd5+ $18 Rf7 39. Qxe4 Qh3+ 40. Kg1 Qg3+ 41. Qg2 Qxh4 42. b3) 38... Kh7 $1 $19 {[%csl Gf2][%cal Rg3h2][%mdl 512]} 39. Qxe4+ Kh6 {[%csl Gf2][%cal Rg3h2]} 40. Qc6+ g6 {Accuracy: White = 48%, Black = 43%.} 0-1

[Event "British KO-ch Pre 2019"]
[Site "London"]
[Date "2019.11.30"]
[Round "6.6"]
[White "Willow, Jonah B"]
[Black "Head, Louise"]
[Result "1-0"]
[WhiteElo "2345"]
[BlackElo "2100"]
[Annotator "NA"]
[PlyCount "57"]
[EventDate "2019.11.30"]
[EventType "k.o."]
[EventCountry "ENG"]
[SourceTitle "playchess.com"]
[Source "ChessBase"]
[SourceQuality "1"]
[TimeControl "600+5"]

1. e4 {[%emt 0:00:00]} c6 {[%emt 0:00:00]} 2. d4 {[%emt 0:00:00]} d5 {[%emt 0:00:00]} 3. e5 {[%emt 0:00:03]} c5 {[%emt 0:00:00]} 4. dxc5 {[%emt 0:00:02]} e6 {[%emt 0:00:00]} 5. Be3 {[%emt 0:00:02]} Nd7 {[%emt 0:00:00]} 6. c4 {[%emt 0:00:06]} dxc4 {[%emt 0:00:25]} 7. Bxc4 {[%emt 0:00:25]} Qc7 {[%emt 0:00:47]} 8. Nf3 {[%emt 0:00:21]} Bxc5 {[%emt 0:00:07]} 9. Bxc5 {[%emt 0:00:27]} Qxc5 {[%emt 0:00:05]} 10. Qe2 {[%emt 0:01:44]} Ne7 {[%emt 0:00:06]} 11. O-O {[%emt 0:00:22]} O-O {[%emt 0:00:32]} 12. Nc3 {[%emt 0:00:15]} Nb6 {[%emt 0:00:28]} 13. Bd3 {[%emt 0:00:03]} Ng6 {[%emt 0:00:29]} 14. h4 {[%emt 0:00:07]} Qb4 {[%emt 0:01:43]} 15. g3 {[%emt 0:00:50]} Qg4 {[%emt 0:00:18]} 16. Qe3 {[%emt 0:00:50]} Nc4 {[%emt 0:00:37]} 17. Bxc4 {[%emt 0:00:07]} Qxc4 {[%emt 0:00:02]} 18. Ne4 {[%emt 0:00:06]} Bd7 {[%emt 0:00:55]} 19. h5 {[%emt 0:00:37]} Ne7 {[%emt 0:00:25]} 20. h6 {[%emt 0:00:09]} Nf5 {[%emt 0:00:11]} 21. Qf4 {[%emt 0:00:03]} Kh8 {[%emt 0:01:15]} 22. hxg7+ {[%emt 0:00:04]} Nxg7 {[%emt 0:00:01]} 23. Rac1 {[%emt 0:00:11]} Qb4 {[%emt 0:00:37]} 24. a3 {[%emt 0:00:04]} Qa4 {[%emt 0:00:09]} 25. Nfg5 {[%emt 0:01:13]} Nf5 {[%emt 0:00:43]} 26. Nxh7 {[%emt 0:01:31]} Kxh7 {[%emt 0:00:39]} 27. Nf6+ {[%emt 0:00:02]} Kg6 {[%emt 0:00:06]} 28. Rc4 {[%emt 0:00:05]} Qb5 {[%emt 0:00:15]} 29. Qg4+ {[%emt 0:00:04]} 1-0

[Event "British KO-ch Pre 2019"]
[Site "London"]
[Date "2019.11.30"]
[Round "6.7"]
[White "Claridge-Hansen, William"]
[Black "Pein, Jonathan"]
[Result "1/2-1/2"]
[WhiteElo "2290"]
[BlackElo "2151"]
[Annotator "NA RC"]
[PlyCount "79"]
[EventDate "2019.11.30"]
[EventType "k.o."]
[EventCountry "ENG"]
[SourceTitle "playchess.com"]
[Source "ChessBase"]
[SourceQuality "1"]
[TimeControl "600+5"]

1. c4 {[%emt 0:00:00]} b6 {[%emt 0:00:04]} 2. Nc3 {[%emt 0:00:01]} Bb7 {[%emt 0:00:01]} 3. e4 {[%emt 0:00:01]} e5 {[%emt 0:00:01]} 4. Nge2 {[%emt 0:00:32]} Nf6 {[%emt 0:00:06]} 5. d3 {[%emt 0:00:10]} Bc5 {[%emt 0:00:02]} 6. Na4 {[%emt 0:01:05]} Bb4+ {[%emt 0:01:04]} 7. Bd2 {[%emt 0:00:09]} a5 {[%emt 0:00:09]} 8. a3 {[%emt 0:01:11]} Bxd2+ {[%emt 0:00:02]} 9. Qxd2 {[%emt 0:00:04]} Nc6 {[%emt 0:00:11]} 10. g3 {[%emt 0:01:57]} Qe7 {[%emt 0:00:01]} 11. Bg2 {[%emt 0:00:12]} h5 {[%emt 0:00:16]} 12. h4 {[%emt 0:00:18]} Ng4 {[%emt 0:00:21]} 13. f3 {[%emt 0:00:37]} Nh6 {[%emt 0:00:08]} 14. Nac3 {[%emt 0:00:28]} Nd4 {[%emt 0:00:08]} 15. Nxd4 {[%emt 0:00:06]} exd4 {[%emt 0:00:01]} 16. Nb5 {[%emt 0:00:09]} Qc5 {[%emt 0:03:15]} 17. O-O {[%emt 0:00:46]} a4 {[%emt 0:00:07]} 18. Qf2 {[%emt 0:00:20]} Qe5 {[%emt 0:00:24]} 19. Nxd4 {[%emt 0:00:12]} O-O {[%emt 0:00:15]} 20. Nb5 {[%emt 0:00:12]} c6 {[%emt 0:00:22]} 21. d4 {[%emt 0:00:04]} Qe7 {[%emt 0:00:16]} 22. Nc3 {[%emt 0:00:05]} Ba6 {[%emt 0:00:03]} 23. Nxa4 {[%emt 0:00:47]} Bxc4 {[%emt 0:00:02]} 24. Nxb6 {[%emt 0:00:02]} Bxf1 {[%emt 0:00:03]} 25. Bxf1 {[%emt 0:00:03]} Rab8 {[%emt 0:00:23]} 26. d5 {[%emt 0:00:07]} Qe5 {[%emt 0:00:42]} 27. Nc4 {[%emt 0:00:05]} Qf6 {[%emt 0:00:24]} 28. dxc6 {[%emt 0:00:28]} dxc6 {[%emt 0:00:01]} 29. a4 {[%emt 0:00:25]} Rb3 {[%emt 0:00:09]} 30. Be2 {[%emt 0:00:04]} g5 {[%emt 0:01:03]} 31. Qc5 {[%emt 0:00:45]} gxh4 {[%emt 0:00:24]} 32. Qxh5 {[%emt 0:00:10]} hxg3 {[%emt 0:00:21]} 33. Rd1 {[%emt 0:00:08]} Rd8 {[%emt 0:01:10]} 34. Rxd8+ {[%emt 0:00:17]} Qxd8 {[%emt 0:00:01]} 35. Qxh6 {[%emt 0:00:31]} Qd4+ 36. Kh1 {[%emt 0:00:01]} Qf2 {[%emt 0:00:08]} 37. Qg5+ {[%emt 0:00:13]} Kf8 {[%emt 0:00:09]} 38. Qd8+ {[%emt 0:00:14]} Kg7 {[%emt 0:00:01]} 39. Qg5+ {[%emt 0:00:07]} Kf8 {[%emt 0:00:01]} 40. Qd8+ {[%emt 0:00:03]} 1/2-1/2

[Event "British KO-ch Pre 2019"]
[Site "London"]
[Date "2019.11.30"]
[Round "6.8"]
[White "Golding, Alex"]
[Black "Kalaiyalahan, Akshaya"]
[Result "1-0"]
[WhiteElo "2306"]
[BlackElo "2154"]
[Annotator "NA"]
[PlyCount "79"]
[EventDate "2019.11.30"]
[EventType "k.o."]
[EventCountry "ENG"]
[SourceTitle "playchess.com"]
[Source "ChessBase"]
[SourceQuality "1"]
[TimeControl "600+5"]

1. d4 {[%emt 0:00:00]} Nf6 {[%emt 0:00:00]} 2. Bg5 {[%emt 0:00:00]} d5 {[%emt 0:00:13]} 3. Bxf6 {[%emt 0:00:07]} exf6 {[%emt 0:00:02]} 4. g3 {[%emt 0:00:03]} g6 {[%emt 0:00:40]} 5. Bg2 {[%emt 0:00:04]} Bg7 {[%emt 0:00:02]} 6. e3 {[%emt 0:00:01]} c6 {[%emt 0:00:06]} 7. Ne2 {[%emt 0:00:02]} f5 {[%emt 0:00:10]} 8. O-O {[%emt 0:00:05]} O-O {[%emt 0:00:03]} 9. b3 {[%emt 0:00:03]} Nd7 {[%emt 0:00:07]} 10. c4 {[%emt 0:00:03]} dxc4 {[%emt 0:00:06]} 11. bxc4 {[%emt 0:00:01]} Nf6 {[%emt 0:00:24]} 12. Nd2 {[%emt 0:00:13]} Re8 {[%emt 0:00:14]} 13. Nc3 {[%emt 0:00:03]} Be6 {[%emt 0:00:14]} 14. Rb1 {[%emt 0:00:09]} Rb8 {[%emt 0:01:02]} 15. Qc2 {[%emt 0:00:09]} Qd6 {[%emt 0:00:46]} 16. Rfd1 {[%emt 0:00:07]} Rec8 {[%emt 0:01:00]} 17. Qa4 {[%emt 0:00:52]} a6 {[%emt 0:00:36]} 18. Qa5 {[%emt 0:00:14]} Qe7 {[%emt 0:02:46]} 19. Ne2 {[%emt 0:01:32]} Rd8 {[%emt 0:00:55]} 20. Nf4 {[%emt 0:00:05]} Bd7 {[%emt 0:01:04]} 21. Nf3 {[%emt 0:00:12]} Ne4 {[%emt 0:00:11]} 22. Nd3 {[%emt 0:00:07]} Be6 {[%emt 0:00:17]} 23. Rbc1 {[%emt 0:00:08]} Nd6 {[%emt 0:00:10]} 24. d5 {[%emt 0:00:22]} cxd5 {[%emt 0:00:16]} 25. cxd5 {[%emt 0:00:02]} b6 {[%emt 0:00:26]} 26. Qa4 {[%emt 0:00:20]} Bxd5 {[%emt 0:00:04]} 27. Nb4 {[%emt 0:00:01]} Bb7 {[%emt 0:00:06]} 28. Nd4 {[%emt 0:00:40]} b5 {[%emt 0:00:03]} 29. Qb3 {[%emt 0:00:11]} Bxg2 {[%emt 0:00:04]} 30. Kxg2 {[%emt 0:00:01]} Qb7+ {[%emt 0:00:01]} 31. Ndc6 {[%emt 0:00:25]} Rbc8 {[%emt 0:00:07]} 32. Kg1 {[%emt 0:00:21]} Rd7 {[%emt 0:00:02]} 33. Na5 {[%emt 0:00:09]} Qa8 {[%emt 0:00:18]} 34. Rxc8+ Qxc8 {[%emt 0:00:01]} 35. Qd5 {[%emt 0:00:34]} Bf8 {[%emt 0:00:09]} 36. Qd4 {[%emt 0:00:23]} Rc7 {[%emt 0:00:07]} 37. Nd5 {[%emt 0:00:03]} Rc2 {[%emt 0:00:07]} 38. Nf6+ {[%emt 0:00:05]} Kg7 {[%emt 0:00:03]} 39. Ne8+ {[%emt 0:00:04]} Kh6 {[%emt 0:00:06]} 40. Qh4# {[%emt 0:00:04]} 1-0

[Event "British KO-ch Pre 2019"]
[Site "London"]
[Date "2019.11.30"]
[Round "7.1"]
[White "Haria, Ravi"]
[Black "Harvey, Marcus R"]
[Result "1/2-1/2"]
[WhiteElo "2451"]
[BlackElo "2405"]
[Annotator "ChessBase"]
[PlyCount "44"]
[EventDate "2019.11.30"]
[EventType "k.o."]
[EventCountry "ENG"]
[SourceTitle "playchess.com"]
[Source "ChessBase"]
[SourceQuality "1"]
[TimeControl "600+5"]

1. Nf3 {[%emt 0:00:00]} Nf6 {[%emt 0:00:00]} 2. g3 {[%emt 0:00:00]} b6 {[%emt 0:00:00]} 3. Bg2 {[%emt 0:00:03]} Bb7 {[%emt 0:00:00]} 4. O-O {[%emt 0:00:11]} e6 {[%emt 0:00:00]} 5. c4 {[%emt 0:00:08]} c5 {[%emt 0:00:00]} 6. b3 {[%emt 0:00:09]} Be7 {[%emt 0:00:01]} 7. Bb2 {[%emt 0:00:01]} O-O {[%emt 0:00:02]} 8. Nc3 {[%emt 0:00:01]} d5 {[%emt 0:00:01]} 9. cxd5 Nxd5 {[%emt 0:00:02]} 10. Nxd5 Bxd5 {[%emt 0:00:02]} 11. d4 {[%emt 0:02:53]} cxd4 {[%emt 0:00:18]} 12. Nxd4 {[%emt 0:01:17]} Bxg2 13. Kxg2 {[%emt 0:00:02]} Qd5+ {[%emt 0:00:24]} 14. Nf3 {[%emt 0:00:08]} Qb7 {[%emt 0:00:47]} 15. Rc1 {[%emt 0:00:34]} Nd7 {[%emt 0:00:23]} 16. Rc4 {[%emt 0:00:31]} Rac8 {[%emt 0:00:20]} 17. Rxc8 Rxc8 {[%emt 0:00:02]} 18. Qd2 {[%emt 0:01:20]} Nf6 {[%emt 0:01:24]} 19. Rd1 {[%emt 0:00:39]} h6 {[%emt 0:00:10]} 20. Bd4 {[%emt 0:00:26]} Qc6 {[%emt 0:00:14]} 21. Qb2 {[%emt 0:00:48]} Qc2 {[%emt 0:00:18]} 22. Qxc2 Rxc2 1/2-1/2

[Event "British KO-ch Pre 2019"]
[Site "London"]
[Date "2019.11.30"]
[Round "7.2"]
[White "Taylor, Adam C"]
[Black "Horton, Andrew P"]
[Result "1/2-1/2"]
[WhiteElo "2371"]
[BlackElo "2378"]
[Annotator "NA"]
[PlyCount "109"]
[EventDate "2019.11.30"]
[EventType "k.o."]
[EventCountry "ENG"]
[SourceTitle "playchess.com"]
[Source "ChessBase"]
[SourceQuality "1"]
[TimeControl "600+5"]

1. Nf3 {[%emt 0:00:00]} Nf6 {[%emt 0:00:00]} 2. c4 {[%emt 0:00:00]} e6 {[%emt 0:00:01]} 3. g3 {[%emt 0:00:00]} a6 {[%emt 0:00:02]} 4. b3 {[%emt 0:00:15]} b5 {[%emt 0:00:03]} 5. Bg2 {[%emt 0:00:23]} Bb7 {[%emt 0:00:01]} 6. O-O {[%emt 0:00:05]} c5 {[%emt 0:00:22]} 7. Bb2 {[%emt 0:00:12]} Be7 {[%emt 0:00:04]} 8. Nc3 {[%emt 0:00:10]} Qb6 {[%emt 0:01:37]} 9. Rb1 {[%emt 0:00:17]} O-O {[%emt 0:00:08]} 10. e3 {[%emt 0:00:22]} d6 {[%emt 0:00:37]} 11. Qe2 {[%emt 0:00:07]} Nbd7 {[%emt 0:00:39]} 12. Rfd1 {[%emt 0:00:09]} b4 {[%emt 0:00:48]} 13. Na4 {[%emt 0:00:03]} Qc7 {[%emt 0:00:02]} 14. d4 {[%emt 0:00:09]} Be4 {[%emt 0:00:47]} 15. Rbc1 {[%emt 0:00:08]} Rfd8 {[%emt 0:00:57]} 16. Nd2 {[%emt 0:00:18]} Bxg2 17. Kxg2 {[%emt 0:00:02]} Nb6 {[%emt 0:00:30]} 18. Nxb6 Qxb6 {[%emt 0:00:01]} 19. Qf3 {[%emt 0:00:33]} a5 {[%emt 0:01:01]} 20. h4 {[%emt 0:02:21]} a4 {[%emt 0:00:28]} 21. h5 {[%emt 0:00:09]} axb3 22. axb3 {[%emt 0:00:04]} Ra2 {[%emt 0:00:42]} 23. dxc5 {[%emt 0:00:59]} dxc5 {[%emt 0:01:24]} 24. Bxf6 {[%emt 0:00:02]} Bxf6 {[%emt 0:01:03]} 25. Ne4 {[%emt 0:00:01]} Be7 {[%emt 0:00:07]} 26. Rxd8+ {[%emt 0:00:01]} Qxd8 {[%emt 0:00:04]} 27. Rd1 {[%emt 0:00:01]} Qa8 {[%emt 0:00:11]} 28. Rd7 {[%emt 0:00:49]} Qe8 {[%emt 0:00:23]} 29. Qd1 {[%emt 0:00:38]} Ra8 {[%emt 0:00:10]} 30. g4 {[%emt 0:00:32]} h6 {[%emt 0:00:09]} 31. Rb7 {[%emt 0:00:26]} Rd8 {[%emt 0:00:04]} 32. Qf3 {[%emt 0:00:01]} Rd7 {[%emt 0:00:05]} 33. Ng3 {[%emt 0:00:54]} Rxb7 {[%emt 0:00:05]} 34. Qxb7 {[%emt 0:00:01]} Bf8 {[%emt 0:00:02]} 35. Ne4 {[%emt 0:00:23]} Kh8 {[%emt 0:00:05]} 36. Qc7 {[%emt 0:01:26]} Qe7 {[%emt 0:00:07]} 37. Qxe7 Bxe7 {[%emt 0:00:00]} 38. f4 {[%emt 0:00:18]} Kg8 {[%emt 0:00:06]} 39. f5 {[%emt 0:00:13]} Kf8 {[%emt 0:00:10]} 40. fxe6 {[%emt 0:00:04]} fxe6 {[%emt 0:00:01]} 41. Kf3 {[%emt 0:00:01]} Kf7 {[%emt 0:00:05]} 42. Nf2 {[%emt 0:00:04]} Bh4 {[%emt 0:00:07]} 43. Nd3 {[%emt 0:00:01]} Be7 {[%emt 0:00:02]} 44. Ne5+ {[%emt 0:00:33]} Kf6 {[%emt 0:00:04]} 45. Ng6 {[%emt 0:00:01]} Bd6 {[%emt 0:00:03]} 46. Nh4 {[%emt 0:00:08]} Be5 {[%emt 0:00:12]} 47. Ng2 {[%emt 0:00:02]} Bd6 {[%emt 0:00:04]} 48. Ne1 {[%emt 0:00:01]} Be5 {[%emt 0:00:02]} 49. Nd3 {[%emt 0:00:01]} Bd6 {[%emt 0:00:01]} 50. Nf2 {[%emt 0:00:05]} Be7 {[%emt 0:00:05]} 51. Ne4+ {[%emt 0:00:01]} Ke5 {[%emt 0:00:04]} 52. Nf2 {[%emt 0:00:10]} Bd6 {[%emt 0:00:07]} 53. Nd3+ {[%emt 0:00:03]} Kf6 {[%emt 0:00:01]} 54. Ne1 {[%emt 0:00:03]} Ke5 {[%emt 0:00:05]} 55. Nd3+ {[%emt 0:00:09]} 1/2-1/2